000 00876nam a22003017a 4500
003 CHAP
005 20220329134026.0
008 971013s1951 r 00010 d
010 _a14288
011 _a15260
035 _a19335
040 _cCHAP
082 _a635
_bG34
100 0 0 _aGajón Sánchez, Carlos.
_944186
245 _aHorticultura moderna
250 _a2 ed.
260 _aMéxico, D.F. :
_bEl autor,
_c1951
300 _a397 p.
_b: ilus
590 _aBATCH-UPD
_b10
_c20130110
_lUCH01
_h1607
590 _aBATCH-UPD
_b10
_c20130410
_lUCH01
_h1003
590 _aBATCH-UPD
_b10
_c20130914
_lUCH01
_h1452
590 _aCONVERSION
_b10
_c20130109
_lUCH01
_h1309
650 1 4 _aHorticultura.
_956291
901 _aBK
942 _cLIBRO
949 _a635 G34
_bBC
_cESP
_d-153278
_eESP
_h23944
_i19335
_si
949 _a635 G34
_bBC
_cESP
_d-44952
_eESP
_fc.4
_h26022
_i19335
_si
999 _c14288
_d14288